000 00654nam a2200229Ia 4500
003 OSt
005 20221007074903.0
006 a|||||r|||| 00| 0
007 ta
008 221006b |||||||| |||| 00| 0 eng d
024 _a11,585
037 _cTextual
040 _aFLL
_cFLL
_beng
041 _2eng
_aeng
082 _aV1N45:195:N5, K7
100 _aSetalvad Motilal Au.
_9693284
245 0 _aRole of the united nations in the maintenance of world peace
260 _aNew Delhi
_bAsia pub. India
_c1967
300 _a79p
_ccm.
942 _hV1N45:195:N5, K7
_cTEXL
_2CC
999 _c1154042
_d1154042